<?xml version="1.0" encoding="UTF-8"?><?xml-stylesheet type="text/xsl" href="static/style.xsl"?><OAI-PMH xmlns="http://www.openarchives.org/OAI/2.0/" xmlns:xsi="http://www.w3.org/2001/XMLSchema-instance" xsi:schemaLocation="http://www.openarchives.org/OAI/2.0/ http://www.openarchives.org/OAI/2.0/OAI-PMH.xsd"><responseDate>2026-05-11T07:29:15Z</responseDate><request verb="GetRecord" identifier="oai:gredos.usal.es:10366/123710" metadataPrefix="marc">https://gredos.usal.es/oai/request</request><GetRecord><record><header><identifier>oai:gredos.usal.es:10366/123710</identifier><datestamp>2022-02-07T12:19:28Z</datestamp><setSpec>com_10366_3708</setSpec><setSpec>com_10366_3676</setSpec><setSpec>col_10366_113329</setSpec></header><metadata><record xmlns="http://www.loc.gov/MARC21/slim" xmlns:doc="http://www.lyncode.com/xoai" xmlns:xsi="http://www.w3.org/2001/XMLSchema-instance" xmlns:dcterms="http://purl.org/dc/terms/" xsi:schemaLocation="http://www.loc.gov/MARC21/slim http://www.loc.gov/standards/marcxml/schema/MARC21slim.xsd">
<leader>00925njm 22002777a 4500</leader>
<datafield tag="042" ind1=" " ind2=" ">
<subfield code="a">dc</subfield>
</datafield>
<datafield tag="260" ind1=" " ind2=" ">
<subfield code="c">1731</subfield>
</datafield>
<datafield tag="024" ind2=" " ind1="8">
<subfield code="a">http://hdl.handle.net/10366/123710</subfield>
</datafield>
<datafield ind1=" " ind2=" " tag="653">
<subfield code="a">Documentos</subfield>
</datafield>
<datafield tag="245" ind1="0" ind2="0">
<subfield code="a">[Carta del Padre Pedro Manso, del Colegio de Santa María de Aragón de Madrid, al Padre José Barrio, del Colegio de San Gregorio de Valladolid, sobre diversas cuestiones internas de la Orden.]</subfield>
</datafield>
</record></metadata></record></GetRecord></OAI-PMH>